| 000 | 00483nam a2200181Ia 4500 | ||
|---|---|---|---|
| 005 | 20250423101437.0 | ||
| 008 | 250422s9999 xx 000 0 und d | ||
| 020 | _a9781868722358 | ||
| 050 | _aHN 801.A8 .H86/ | ||
| 100 | _aHunt, John. | ||
| 245 | 4 | _aThe South African dream | |
| 260 | _aSouth Africa | ||
| 260 | _bZebra Press | ||
| 260 | _c1998 | ||
| 300 | _a244 p | ||
| 650 | _aSouth Africa--Social conditions--1994- South Africa--Economic conditions--1991- | ||
| 942 | _cBK | ||
| 999 |
_c36318 _d36318 |
||